Chcete priamu odozvu ?
Direct Response TV (DRTV) je televízny spot s priamou odozvou a telemarketingový servis je jeho neodmysliteľnou súčasťou. Ide o 30 - 60 sekundové spoty v bežnom reklamnom brejku s výzvou k okamžitej reakcii, akou je napríklad volanie na určitú linku. V USA predstavuje DRTV už samostatný priemysel. K...
Gespeichert in:
| 1. Verfasser: | |
|---|---|
| Format: | Buchkapitel |
| Sprache: | Slowakisch |
| Schlagworte: | |
| Tags: |
Keine Tags, Fügen Sie das erste Tag hinzu!
|
MARC
| LEADER | 00000naa$a2200000$$$4500 | ||
|---|---|---|---|
| 001 | 0041784 | ||
| 005 | 20231107124123.0 | ||
| 041 | 0 | |a slo | |
| 044 | |a SK | ||
| 245 | 1 | 0 | |a Chcete priamu odozvu ? |c Petr Frey |
| 520 | |a Direct Response TV (DRTV) je televízny spot s priamou odozvou a telemarketingový servis je jeho neodmysliteľnou súčasťou. Ide o 30 - 60 sekundové spoty v bežnom reklamnom brejku s výzvou k okamžitej reakcii, akou je napríklad volanie na určitú linku. V USA predstavuje DRTV už samostatný priemysel. Kľúčový nástroj DRTV - tracking. Ako sa meria DRTV. DRTV aj na Slovensku. | ||
| 610 | 2 | 0 | |a marketing priamy |
| 610 | 2 | 0 | |a televízia |
| 610 | 2 | 0 | |a Slovensko |
| 100 | 1 | |a Frey, Petr | |